| 000 | 00554nam a2200193Ia 4500 | ||
|---|---|---|---|
| 005 | 20231004150419.0 | ||
| 008 | 210716s1998 xx 000 0 und d | ||
| 020 | _a812030859X | ||
| 040 | _cAIMIT LIBRARY | ||
| 041 | _aeng | ||
| 082 |
_a005.133 _21 _bRAJV |
||
| 100 |
_aRajaraman, V. _9135944 |
||
| 245 |
_aComputer programming in c / _cBy V. Rajaraman |
||
| 250 | _a1st ed. | ||
| 260 |
_aNew Delhi : _bPHI Learning Pvt Ltd , _c1998. |
||
| 300 |
_aviii,363p. _bPB _c23.5 cm |
||
| 650 |
_aC Programming. _9135945 |
||
| 942 |
_2ddc _cBK _e1st _k005.133 RAJV |
||
| 999 |
_c183743 _d183743 |
||